| 000 | 00788nam a2200241Ia 4500 | ||
|---|---|---|---|
| 003 | IN-BaIIA | ||
| 008 | 211028s9999 xx 000 0 eng d | ||
| 020 | _a978-0-471-85933-8 | ||
| 040 | _cIIA Library | ||
| 080 |
_a681.31 _bSEB |
||
| 100 |
_aSeborg, Dale E. _917308 |
||
| 245 | 0 |
_aProcess dynamics and control _cDale E. Seborg, Thomas F. Edgar and Duncan A. Mellichamp |
|
| 260 |
_aNew York _bJohn Wiley & Sons _c1989 |
||
| 300 | _axvi, 717p. | ||
| 490 | _aWiley series in chemical engineering | ||
| 650 |
_aControl theory _95165 |
||
| 650 |
_aDynamic control _917309 |
||
| 650 |
_aFeedback control _93308 |
||
| 650 | _aNASA Thesaurus | ||
| 700 |
_aEdgar, Thomas F. _917310 |
||
| 700 |
_aMellichamp, Duncan A. _917311 |
||
| 942 | _cBK | ||
| 999 |
_c10199 _d10199 |
||